Indira Nehru Gandhi, ruler of India /

Describes how Indira Gandhi followed her family's tradition of fighting politically for India, became prime minister, and was assassinated by her enemies.

Bibliographic Details
Main Author: Greene, Carol
Other Authors: Gandhi, Indira, 1917-1984
Format: Book
Language:English
Published: Chicago : Childrens Press, [1985]
Series:Picture-story biographies.
Subjects:

MARC

Tag First Indicator Second Indicator Subfields
LEADER 00000cam a2200000 a 4500
001 in00000030953
005 20151007054916.0
008 850103s1985 ilua j 00010beng
010 |a  85000359  
020 |a 0516034782 
035 |a (OCoLC)11623598 
035 |9 AAB6597AM 
040 |a DLC  |c DLC  |d m/c  |d TXA  |d UtOrBLW 
049 |a [Curr Col] TXAM  |c [A11111154] 
050 0 0 |a DS481.G23  |b G74 1985 
082 0 |a 954.04/5/0924  |a B  |a 92  |2 19 
100 1 |a Greene, Carol. 
245 1 0 |a Indira Nehru Gandhi, ruler of India /  |c by Carol Greene. 
264 1 |a Chicago :  |b Childrens Press,  |c [1985] 
264 4 |c ©1985 
300 |a 31 pages :  |b illustrations ;  |c 25 cm. 
336 |a text  |b txt  |2 rdacontent 
337 |a unmediated  |b n  |2 rdamedia 
338 |a volume  |b nc  |2 rdacarrier 
490 1 |a Picture-story biographies 
520 |a Describes how Indira Gandhi followed her family's tradition of fighting politically for India, became prime minister, and was assassinated by her enemies. 
600 1 0 |a Gandhi, Indira,  |d 1917-1984  |x Juvenile literature. 
650 0 |a Prime ministers  |z India  |v Biography  |x Juvenile literature. 
600 1 1 |a Gandhi, Indira,  |d 1917-1984. 
650 1 |a Prime ministers. 
651 1 |a India  |x Politics and government  |y 20th century. 
700 1 |a Gandhi, Indira,  |d 1917-1984. 
830 0 |a Picture-story biographies. 
999 |a MARS 
999 f f |s 40c8db27-b19f-3013-8699-4f18c68d7d0f  |i f5b3f87f-4ba3-3280-9f78-53f1d258dbe6  |t 0 
952 f f |p normal  |a Texas A&M University  |b College Station  |c Sterling C. Evans Library  |d Evans: Curriculum Collection (4th floor)  |t 0  |e DS481.G23 G74 1985  |h Library of Congress classification  |i unmediated -- volume  |m A14811111154 
998 f f |a DS481.G23 G74 1985  |t 0  |l Evans: Curriculum Collection (4th floor)